Cricket: Most Runs in Men's T20 World Cups - Statistics

General Stats
  • This quiz has been taken 35 times
  • The average score is 13 of 20
Answer Stats
Country Innings Runs Average Answer % Correct
IND 16 777 86.33 Virat Kohli
97%
WI 26 920 40.00 Chris Gayle
94%
SL 30 661 25.42 Kumar Sangakkara
94%
IND 25 673 39.58 Rohit Sharma
88%
IND 29 529 35.26 MS Dhoni
78%
SL 31 1016 39.07 Mahela Jayawardene
75%
SL 34 897 30.93 Tillakaratne Dilshan
75%
SA 29 717 29.87 AB de Villiers
72%
NZ 25 637 28.95 Brendon McCullum
63%
NZ 25 562 28.10 Ross Taylor
63%
PAK 32 546 18.82 Shahid Afridi
63%
BAN 25 567 28.35 Shakib Al Hasan
63%
PAK 27 546 32.11 Shoaib Malik
53%
IND 28 593 23.72 Yuvraj Singh
53%
ENG 15 580 44.61 Kevin Pietersen
47%
AUS 22 537 28.26 Shane Watson
41%
WI 19 530 31.17 Marlon Samuels
38%
IND 20 524 26.20 Gautam Gambhir
34%
SA 23 568 40.57 JP Duminy
34%
PAK 28 524 20.96 Kamran Akmal
34%
No matching quizzes found
Score Distribution
Percent of People with Each Score
Percentile by Number Answered
Your Score History
You have not taken this quiz